Laufey’s Most Streamed Songs - Statistics

General Stats
  • This quiz has been taken 26 times
  • The average score is 10 of 20
Answer Stats
Streams Song % Correct
1,077,319,560 From The Start
100%
507,987,695 Falling Behind
85%
192,200,004 Lover Girl
80%
369,095,139 Promise
80%
395,177,936 Let You Break My Heart Again
75%
389,872,015 Valentine
75%
96,373,686 Bewitched
60%
121,821,049 Fragile
60%
100,606,021 Goddess
60%
240,518,254 A Night To Remember (beabadoobee)
45%
111,150,631 Lovesick
45%
104,193,276 Dreamer
40%
103,216,863 Bored
35%
123,855,636 Like the Movies
25%
84,719,102 Magnolia
25%
85,344,801 Second Best
25%
145,338,137 I Wish You Love
20%
90,521,808 Santa Baby
20%
212,148,538 Winter Wonderland
10%
95,471,426 This Is How It Feels (d4vd)
5%
No matching quizzes found
Score Distribution
Percent of People with Each Score
Percentile by Number Answered
Your Score History
You have not taken this quiz